000 00545nam a2200193Ia 4500
005 20260415160334.0
008 008 250505s9999 xx 000 0 eng d
037 _aTextual
040 _aFEDL
_beng
_cFEDL
041 _aeng
_2eng
084 _a371,73 SUT
_qFEDL
100 _aSutcliffe A
_9755748
245 0 _aExperiments in home work and physical education
260 _aLondon, UK
_bJohn Murray
_c1937
300 _axii,194p.
700 _a Canham J W
_9756100
942 _cTEXL
_h371,73 SUT
999 _c1321832
_d1321832